Anatomía con orientación clínica
Gespeichert in:
| Hauptverfasser: | , , |
|---|---|
| Format: | Buch |
| Sprache: | Spanisch |
| Veröffentlicht: |
Barcelona
Wolters Kluwer Health
2010
|
| Ausgabe: | 6a. ed |
| Schlagworte: | |
| Tags: |
Tag hinzufügen
Keine Tags, Fügen Sie den ersten Tag hinzu!
|
MARC
| LEADER | 00000nam a2200000 a 4500 | ||
|---|---|---|---|
| 001 | UCG1135 | ||
| 003 | CL-VaPUC | ||
| 005 | 20241217115534.0 | ||
| 008 | 100422e20100000SP |||||||||||||||||spa|d | ||
| 999 | |c 340579 |d 340577 | ||
| 020 | |a 9788496921474 | ||
| 040 | |c Pontificia Universidad Católica de Valparaíso | ||
| 082 | 0 | 4 | |a 611 |b MOO |2 21 |
| 100 | |a Moore, Keith L. |e autor |9 598771 | ||
| 245 | 1 | 0 | |a Anatomía con orientación clínica |
| 250 | |a 6a. ed | ||
| 260 | |a Barcelona |b Wolters Kluwer Health |c 2010 | ||
| 300 | |a 1133 p | ||
| 583 | |a last modification |c 20170417 04:07:20 |k Rodrigo Vera | ||
| 650 | 0 | |a Anatomía humana |x Anatomía regional |9 269546 | |
| 650 | 7 | |a Fisiología humana |x Cuerpo humano |2 CL-VaPUC |9 269547 | |
| 650 | 0 | |a Medicina nuclear |9 548932 | |
| 700 | 0 | |a Agur, Anne M. R |e author |9 548930 | |
| 700 | 0 | |a Dalley, Arthur F |e author |9 548931 | |
| 942 | |c BK |2 ddc | ||
| 945 | |d 20100422 00:00:00 |a cmena | ||
| 952 | |0 0 |1 0 |4 0 |6 611_000000000000000_MOO_2010 |7 0 |8 A |9 435427 |a BIBCUR |b BIBCUR |d 2019-11-22 |i 4665414 |l 4 |m 3 |o 611 MOO 2010 |p 4665414 |r 2025-04-22 |s 2025-04-14 |w 2019-11-22 |y BK |k KIN | ||
| 952 | |0 0 |1 0 |4 0 |6 611_000000000000000_MOO_2010 |7 0 |8 A |9 435429 |a BIBCUR |b BIBCUR |d 2019-11-22 |i 4665430 |l 1 |o 611 MOO 2010 |p 4665430 |r 2025-04-22 |s 2023-03-15 |w 2019-11-22 |y BK |k KIN | ||
| 952 | |0 0 |1 0 |4 0 |6 611_000000000000000_MOO_2010 |7 0 |8 A |9 435430 |a BIBCUR |b BIBCUR |d 2019-11-22 |i 4665449 |o 611 MOO 2010 |p 4665449 |r 2025-04-22 |w 2019-11-22 |y BK |k KIN | ||
| 952 | |0 0 |1 0 |4 0 |6 611_000000000000000_MOO_2010 |7 0 |8 A |9 435431 |a BIBCUR |b BIBCUR |d 2019-11-22 |i 4665457 |o 611 MOO 2010 |p 4665457 |r 2025-04-22 |w 2019-11-22 |y BK |k KIN | ||
| 952 | |0 0 |1 0 |4 0 |6 611_000000000000000_MOO_2010 |7 0 |8 A |9 435433 |a BIBCUR |b BIBCUR |d 2019-11-22 |i 4665473 |o 611 MOO 2010 |p 4665473 |r 2025-04-22 |w 2019-11-22 |y BK |k KIN | ||
| 952 | |0 0 |1 0 |4 0 |6 611_000000000000000_MOO_2010 |7 0 |8 A |9 435434 |a BIBEDU |b BIBEDU |d 2019-11-22 |i 4895533 |o 611 MOO 2010 |p 4895533 |r 2019-11-22 |w 2019-11-22 |y BK |k EDI | ||
| 952 | |0 0 |1 0 |4 0 |6 611_000000000000000_MOO_2010 |7 0 |8 A |9 435435 |a BIBEDU |b BIBEDU |d 2019-11-22 |i 4895541 |o 611 MOO 2010 |p 4895541 |r 2019-11-22 |w 2019-11-22 |y BK |k EDI | ||